000 00780nam a2200265Ia 4500
003 OSt
005 20221007070720.0
006 a|||||r|||| 00| 0
007 ta
008 221006b |||||||| |||| 00| 0 eng d
020 _a9788131253700
024 _a44,919
037 _cTextual
040 _aFLL
_cFLL
_beng
041 _2eng
_aeng
082 _aZ2:853, Q8.1
100 _aBINDRA'S N. S.
_9687160
245 0 _aPleadings and practice
_b with model forms of plaints, defences , petitions, writs, appeals and much more...
250 _a12th
260 _aGurgaon
_bUniversal Law Publishing India
_c2018
300 _aclxxxiv,992p.
_ccm.
490 _vVolume 1
942 _hZ2:853, Q8.1
_cTEXL
_2CC
999 _c1141332
_d1141332